Online Catalogue and eLibrary

Kotpadu (Record no. 6045)

MARC details
000 -LEADER
fixed length control field 00362nam a22001577a 4500
005 - DATE AND TIME OF LATEST TRANSACTION
control field 20250509081140.0
008 - FIXED-LENGTH DATA ELEMENTS--GENERAL INFORMATION
fixed length control field 250509b |||||||| |||| 00| 0 eng d
020 ## - INTERNATIONAL STANDARD BOOK NUMBER
ISBN 9788184933864
082 ## - DDC Classification
DDC Edition Number 22
Class No. 894
Item Number - Author Mark KOT
100 ## - MAIN ENTRY--PERSONAL NAME
Personal name Jeyamohan
245 ## - TITLE STATEMENT
Title Kotpadu
260 ## - PUBLICATION, DISTRIBUTION, ETC.
Place of publication, distribution, etc. Chennai
Name of publisher, distributor, etc. Kizhakkuy Pathippagam
Date of publication, distribution, etc. 2009
300 ## - PHYSICAL DESCRIPTION
Extent (e.g. Volumes, Pages etc.) 144 p .,
650 ## - SUBJECT ADDED ENTRY--TOPICAL TERM
Topical term or geographic name entry element Novel
942 ## - Koha item type (Biblio)
Koha item type Books in Stacks (Lending)
Holdings
Lost status Damaged status Collection code Home library Current library Date acquired Full call number Accession Number Item type
    Lending WERC Library WERC Library 05/09/2025 894 KOT 6822 Books in Stacks (Lending)

© WERC Library